| 000 | 01232 a2200217 4500 | ||
|---|---|---|---|
| 001 | 39351 | ||
| 005 | 20260407155652.0 | ||
| 008 | 260407a1983 arg spa d | ||
| 003 | AR-UNSa-BCEJYS | ||
| 040 |
_aAR-UNSa-BCEJYS _bspa _cAR-UNSa-BCEJYS |
||
| 080 |
_a347.43 _xExtinción de las obligaciones (pago, remisión, novación, rendición de cuentas) |
||
| 245 | 1 | 0 |
_aEl pago por consignación _pdoctrina y jurisprudencia |
| 020 | _a950-14-0086-7 | ||
| 264 | 1 |
_aBuenos Aires : _bEdiciones Depalma _c1983 |
|
| 300 |
_axxii, 275 p. _c23 cm. |
||
| 505 | _a1. Introducción - 2. Los subrogados del cumplimiento: el pago por consignación - 3. Cuándo procede la consignación: los supuestos del Art. 757 - 4. Presupuestos de la consignación judicial. Elementos del pago por consignación - 5. Los requisitos - 6. Consecuencias del pago por consignación - 7. Consecuencias del pago por consignación - 8. Efectos de la consignación después de su perfeccionamiento. Gastos y costas. Influencia de la consignación sobre otros juicios - 9. Modos de realizar la consignación según la naturaleza de la obligación | ||
| 041 | _aspa | ||
| 942 | _cBK | ||
| 590 | _aniveau_biblio:m niveau_hierar:0 | ||
| 100 | 1 | _aWayar, Ernesto Clemente | |
| 999 |
_c3031 _d3031 |
||